000 00525nam a22001457a 4500
020 _a9788174733771
082 _a338
100 _aAnand,N.K
245 _aHealth Economics
260 _aIndia
_bAitbs publishers
_c2015
300 _a553
942 _cBK
999 _c2513
_d2513